00630 2200217 4500001002100000005001500021035002000036007000300056008004100059020002200100082000800122084001200130100001800142245012200160250001600282260003900298300002900337600002400366990001100390990001100401INLIS00000000000329520190608103840 a0010-0619000044ta190608 g 0 ind  a978-602-9129-37-3 a345 a345 KUH0 aKUHP, & KUHAP1 aKUHP & KUHAP :bSurat Putusan Mahkamah Konstitusi Nomor 6/ PUU-V/ 2007 tentang Perubahan Pasal 154 dan 156 dalam KUHP aed. Lengkap a[s.l] :bParama Publishing,c[s.a] aviii, 504 hlm. ;c20 cm. 4aHUKUM. HUKUM PIDANA a6732 a a6732 b